LEADER 01295nam a2200289 i 4500 001 000000029698 003 CaOOAMICUS 005 20260409124548.0 008 180830s1986 it d u000 u mul u 040 $aSeMil$bita 245 10$aTedesco-italiano. Italiano-tedesco /$crealizzato dal Centro Lessicografico Sansoni, sotto la direzione di Vladimiro Macchi. 246 01$aDeutsch-Italienisch. Italienisch-Deutsch 250 $a2. ed. con un supplemento 264 1$aFirenze :$bSansoni,$c1986. 300 $a1 v. ;$c240 cm. 490 1 $aDizionari Sansoni 500 $a2 tomi rilegati insieme (SL1.A IV 15/1 e 2) 650 4$aLingua tedesca - Dizionari, vocabolari, glossari, etc.$0(OLS)http://semarc/subject/696 700 1 $aCentro Lessicografico Sansoni .$0(OLS)http://semarc/name/13549 700 1 $aMacchi, Vladimiro.$0(OLS)http://semarc/name/1017 774 0 $tParte prima.$w()228389 774 0 $tParte seconda.$w()367146 830 0$aDizionari Sansoni.$0(OLS)http://semarc/title/40357 996 $6245$aTedesco-italiano. Italiano-tedesco$9(OLS)http://semarc/title/40364 996 $6246$aDeutsch-Italienisch. Italienisch-Deutsch$9(OLS)http://semarc/title/40365 996 $6264$aFirenze :$bSansoni$9(OLS)http://semarc/publisher/29843